000 00406nam a2200169Ia 4500
001 0000-1657
003 ELIB.Books
005 20230306091000.0
008 160624 2010 eng
040 _cSSBUL
082 _a025.3
245 1 0 _aDescriptive Catalogue :
_b108 Years in Indology.
260 _aDelhi
_bMotilal Banarsidass
_c1903
300 _a226 p.
_c28 cm
650 _aCataloging
_95644
942 _cBK1
_mDe
_2ddc
999 _c22785
_d22785